[Event "Marianske Lazne IM-B1 21st"]
[Site "Marianske Lazne"]
[Date "2023.01.20"]
[Round "8"]
[White "Terhuven, Patrick"]
[Black "Paszewski, Mateusz"]
[Result "1/2-1/2"]
[WhiteElo "2174"]
[BlackElo "2303"]
[PlyCount "37"]
[EventDate "2023.01.14"]
[EventType "tourn"]
[EventRounds "9"]
[EventCountry "CZE"]
[SourceTitle "CBM 212 Extra"]
[Source "ChessBase"]
[SourceDate "2023.03.31"]
[SourceVersion "1"]
[SourceVersionDate "2023.03.31"]
[SourceQuality "1"]

1. Nf3 d5 2. d4 Nf6 3. c4 c6 4. cxd5 cxd5 5. Nc3 Nc6 6. Bf4 Bf5 7. e3 e6 8. Qb3 Bb4 9. Bb5 0-0 10. Bxc6 Bxc3+ 11. Qxc3 Rc8 12. Ne5 Ng4 13. Nxg4 Bxg4 14. Qb4 Rxc6 15. Qxb7 Qc8 16. Qxc8 Rfxc8 17. 0-0 a5 18. b3 f6 19. h3 1/2-1/2

[Event "Marianske Lazne IM-B1 21st"]
[Site "Marianske Lazne"]
[Date "2023.01.16"]
[Round "3"]
[White "Terhuven, Patrick"]
[Black "Koridze, Lile"]
[Result "1/2-1/2"]
[WhiteElo "2174"]
[BlackElo "2139"]
[PlyCount "80"]
[EventDate "2023.01.14"]
[EventType "tourn"]
[EventRounds "9"]
[EventCountry "CZE"]
[SourceTitle "CBM 212 Extra"]
[Source "ChessBase"]
[SourceDate "2023.03.31"]
[SourceVersion "1"]
[SourceVersionDate "2023.03.31"]
[SourceQuality "1"]

1. Nf3 Nf6 2. g3 b5 3. d4 Bb7 4. Bg2 e6 5. a4 a6 6. 0-0 Be7 7. axb5 axb5 8. Rxa8 Bxa8 9. Qd3 c6 10. Nbd2 Bb7 11. c3 0-0 12. b4 d6 13. Nb3 Nbd7 14. Bg5 Nb6 15. Na5 Qc7 16. Nd2 d5 17. Bf4 Qc8 18. Ra1 Ne8 19. e4 Nd6 20. Bxd6 Bxd6 21. e5 Be7 22. f4 Qc7 23. g4 Ra8 24. Rf1 Nc4 25. Ndxc4 bxc4 26. Qe3 Bc8 27. f5 c5 28. f6 Bf8 29. fxg7 Bxg7 30. dxc5 Qxe5 31. Qxe5 Bxe5 32. Rc1 Ba6 33. h3 Bb5 34. Kf2 Kf8 35. Ke3 Rd8 36. Kf2 Ra8 37. Ke3 Bf6 38. Ke2 Ra7 39. Rc2 Bd8 40. Ra2 Bf6 1/2-1/2

[Event "GER-ch Youth-A"]
[Site "Willingen"]
[Date "2022.06.08"]
[Round "6"]
[White "Irkilmez, Yakub"]
[Black "Terhuven, Patrick"]
[Result "0-1"]
[WhiteElo "2169"]
[BlackElo "2175"]
[PlyCount "68"]
[EventDate "2022.06.04"]
[EventType "swiss"]
[EventRounds "9"]
[EventCountry "GER"]
[SourceTitle "CBM 208 Extra"]
[Source "ChessBase"]
[SourceDate "2022.07.31"]
[SourceVersion "1"]
[SourceVersionDate "2022.07.31"]
[SourceQuality "1"]

1. d4 Nf6 2. c4 e6 3. Nf3 d5 4. g3 Bb4+ 5. Bd2 Be7 6. Bg2 0-0 7. Qc2 Nbd7 8. h4 c6 9. Nc3 dxc4 10. Rd1 b5 11. Ne5 Nxe5 12. dxe5 Nd5 13. Ne4 Bb7 14. Ng5 g6 15. Nxh7 Kxh7 16. h5 Rh8 17. Be4 Qg8 18. Qc1 Kg7 19. Bg5 Bxg5 20. Qxg5 Qd8 21. Qg4 Rh6 22. Rh3 Qe7 23. hxg6 f5 24. Rxh6 Qb4+ 25. Kf1 fxg4 26. Rh7+ Kg8 27. Rxb7 Qxb2 28. g7 Qxe5 29. Bc2 Re8 30. Kg2 Qxe2 31. Bh7+ Kxh7 32. Rh1+ Kg6 33. Rh8 Ne3+ 34. Kh1 Qf1+ 0-1

[Event "GER-ch Youth-A"]
[Site "Willingen"]
[Date "2022.06.08"]
[Round "5"]
[White "Terhuven, Patrick"]
[Black "Zha, Kevin"]
[Result "1-0"]
[WhiteElo "2175"]
[BlackElo "1835"]
[PlyCount "105"]
[EventDate "2022.06.04"]
[EventType "swiss"]
[EventRounds "9"]
[EventCountry "GER"]
[SourceTitle "CBM 208 Extra"]
[Source "ChessBase"]
[SourceDate "2022.07.31"]
[SourceVersion "1"]
[SourceVersionDate "2022.07.31"]
[SourceQuality "1"]

1. Nf3 g6 2. d4 Bg7 3. g3 d6 4. Bg2 Nf6 5. b3 0-0 6. Bb2 c6 7. 0-0 Nbd7 8. Nbd2 Qc7 9. e4 Rb8 10. a4 d5 11. e5 Ng4 12. h3 Nh6 13. Qe2 b5 14. e6 Nf6 15. g4 Ne8 16. exf7+ Nxf7 17. Rfe1 e6 18. Nf1 Ned6 19. Ng3 Bd7 20. Qd2 Rbe8 21. axb5 cxb5 22. Ba3 Ra8 23. Bb4 Rfc8 24. Ra6 Nb7 25. c3 Nbd8 26. Rea1 Nc6 27. Bc5 Bf8 28. b4 Bxc5 29. dxc5 Re8 30. Nd4 Nb8 31. R6a5 a6 32. f4 Ra7 33. Qe3 Re7 34. f5 Qc8 35. f6 Re8 36. Nxb5 Bxb5 37. Rxb5 Nc6 38. Rb6 Nce5 39. Bf1 Qd8 40. Raxa6 Rxa6 41. Rxa6 Qxf6 42. Be2 Ng5 43. Kg2 Rf8 44. b5 Nef3 45. Bxf3 Nxf3 46. Qxe6+ Qxe6 47. Rxe6 Nh4+ 48. Kg1 Nf3+ 49. Kh1 d4 50. Ne4 d3 51. Rd6 Ra8 52. Kg2 Ne5 53. c6 1-0

[Event "GER-ch Youth-A"]
[Site "Willingen"]
[Date "2022.06.06"]
[Round "3"]
[White "Terhuven, Patrick"]
[Black "Fuchs, Florian1111"]
[Result "1-0"]
[WhiteElo "2175"]
[BlackElo "1920"]
[PlyCount "65"]
[EventDate "2022.06.04"]
[EventType "swiss"]
[EventRounds "9"]
[EventCountry "GER"]
[SourceTitle "CBM 208 Extra"]
[Source "ChessBase"]
[SourceDate "2022.07.31"]
[SourceVersion "1"]
[SourceVersionDate "2022.07.31"]
[SourceQuality "1"]

1. Nf3 c5 2. c4 Nc6 3. d4 cxd4 4. Nxd4 f5 5. Nc3 g6 6. e3 Bg7 7. Be2 b6 8. 0-0 Nf6 9. Bf3 Bb7 10. b3 0-0 11. Bb2 a6 12. Qd2 e5 13. Nc2 e4 14. Be2 Ne5 15. Nb4 Qb8 16. Nbd5 Nfg4 17. g3 g5 18. h3 Qd6 19. hxg4 Qh6 20. f4 Qh3 21. Qe1 Nf3+ 22. Bxf3 exf3 23. Rxf3 gxf4 24. Rxf4 Bxd5 25. cxd5 Be5 26. gxf5 Bxf4 27. exf4 Rae8 28. Ne4 Rc8 29. Qf2 Rxf5 30. Qd4 Qg4 31. Qh8+ Kf7 32. Nd6+ Kg6 33. Qg7+ 1-0

[Event "GER-ch Youth-A"]
[Site "Willingen"]
[Date "2022.06.05"]
[Round "1"]
[White "Terhuven, Patrick"]
[Black "Jenner, Meikel"]
[Result "0-1"]
[WhiteElo "2175"]
[BlackElo "1981"]
[PlyCount "57"]
[EventDate "2022.06.04"]
[EventType "swiss"]
[EventRounds "9"]
[EventCountry "GER"]
[SourceTitle "CBM 208 Extra"]
[Source "ChessBase"]
[SourceDate "2022.07.31"]
[SourceVersion "1"]
[SourceVersionDate "2022.07.31"]
[SourceQuality "1"]

1. Nf3 g5 2. Nxg5 e5 3. d3 Be7 4. Nf3 Nc6 5. e4 Nf6 6. Bg5 d5 7. exd5 Nxd5 8. Bxe7 Qxe7 9. Nbd2 Rg8 10. g3 Bf5 11. Nh4 Be6 12. c3 0-0-0 13. Qc2 Nf4 14. Nhf3 Nh3 15. Ng1 Ng5 16. 0-0-0 Bd5 17. f3 Rg6 18. Kb1 Qc5 19. b3 Qe3 20. Ne4 Bxe4 21. fxe4 Nxe4 22. Nh3 Rgd6 23. Kb2 Nb4 24. cxb4 Qd4+ 25. Kb1 Rc6 26. dxe4 Qxd1+ 27. Qxd1 Rxd1+ 28. Kb2 Rcc1 29. Ng1 0-1

[Event "Budapest FS05 IM"]
[Site "Budapest"]
[Date "2022.05.14"]
[Round "7"]
[White "Ilincic, Zlatko"]
[Black "Terhuven, Patrick"]
[Result "1/2-1/2"]
[WhiteElo "2286"]
[BlackElo "2162"]
[PlyCount "94"]
[EventDate "2022.05.07"]
[EventType "tourn"]
[EventRounds "9"]
[EventCountry "HUN"]
[SourceTitle "CBM 208 Extra"]
[Source "ChessBase"]
[SourceDate "2022.07.31"]
[SourceVersion "1"]
[SourceVersionDate "2022.07.31"]
[SourceQuality "1"]

1. d4 d5 2. c4 e6 3. Nf3 Nf6 4. g3 Bb4+ 5. Bd2 Be7 6. Bg2 0-0 7. 0-0 Nbd7 8. Qc2 c6 9. b4 b6 10. a4 a5 11. b5 Bb7 12. bxc6 Bxc6 13. cxd5 Bxd5 14. Nc3 Rc8 15. Ng5 Bxg2 16. Kxg2 h6 17. Nf3 Nd5 18. Qb3 Nxc3 19. Bxc3 Nf6 20. Rfc1 Nd5 21. Bd2 Qd7 22. Qb5 Qxb5 23. axb5 Bb4 24. e4 Bxd2 25. Rxc8 Rxc8 26. exd5 Bb4 27. dxe6 fxe6 28. Ra2 Rd8 29. Re2 a4 30. Rb2 Bf8 31. Kf1 a3 32. Rb1 Ra8 33. Nd2 a2 34. Ra1 Bb4 35. Ne4 Ra3 36. Ke2 Ba5 37. Kd1 Rd3+ 38. Kc2 Rxd4 39. f3 Rd5 40. Rxa2 Rxb5 41. Kd3 Rb3+ 42. Ke2 g5 43. Rc2 Kf7 44. Rc7+ Kg6 45. g4 Rb2+ 46. Kd3 Rxh2 47. Re7 h5 1/2-1/2

[Event "Djenovici TS03 IM"]
[Site "Djenovici"]
[Date "2022.03.25"]
[Round "7"]
[White "Terhuven, Patrick"]
[Black "Thing, Bibek"]
[Result "1/2-1/2"]
[WhiteElo "2203"]
[BlackElo "2193"]
[PlyCount "163"]
[EventDate "2022.03.19"]
[EventType "tourn"]
[EventRounds "9"]
[EventCountry "MNE"]
[EventCategory "1"]
[SourceTitle "EXT 2023"]
[Source "ChessBase"]
[SourceDate "2022.10.05"]
[SourceVersion "1"]
[SourceVersionDate "2022.10.05"]
[SourceQuality "1"]

1. Nf3 Nf6 2. g3 g6 3. b3 Bg7 4. Bb2 c5 5. c4 Nc6 6. Bg2 b6 7. 0-0 Bb7 8. d4 Nxd4 9. Nxd4 Bxg2 10. Kxg2 cxd4 11. Qxd4 0-0 12. Nc3 e6 13. e4 d5 14. e5 Nd7 15. f4 dxc4 16. Rfd1 Nc5 17. Qxc4 Qc8 18. b4 Na6 19. Qe4 Nc7 20. Kf2 Qa6 21. a4 Rfd8 22. b5 Qa5 23. Qc4 Rdc8 24. Rd6 Bf8 25. Rc6 Bc5+ 26. Ke2 a6 27. Rd1 axb5 28. axb5 Qb4 29. Qxb4 Bxb4 30. Rc1 Bc5 31. Ra1 Ne8 32. Ne4 Rxa1 33. Rxc8 Ra2 34. Nf6+ Kg7 35. Rxe8 Rxb2+ 36. Kf3 Bf8 37. Nd7 Bc5 38. Nxc5 bxc5 39. Rb8 Rxh2 40. b6 Rb2 41. b7 h6 42. Ke4 Rb3 43. g4 Kh7 44. Rc8 Rxb7 45. Rxc5 Rb3 46. f5 Rb4+ 47. Kf3 gxf5 48. gxf5 exf5 49. Rc7 Kg6 50. Rc6+ Kg5 51. Rc7 Rb3+ 52. Kg2 Re3 53. Rxf7 Rxe5 54. Kf3 Re6 55. Rf8 Rg6 56. Kg3 h5 57. Rh8 Rg7 58. Ra8 h4+ 59. Kh3 Re7 60. Rg8+ Kf4 61. Ra8 Re1 62. Rb8 Rg1 63. Ra8 Rg4 64. Rb8 Ke5 65. Ra8 Re4 66. Ra7 Rg4 67. Ra8 Kf4 68. Ra7 Rg1 69. Ra8 Rh1+ 70. Kg2 Rd1 71. Kh3 Ke3 72. Kxh4 f4 73. Ra3+ Rd3 74. Ra2 Kf3 75. Kh3 Re3 76. Rb2 Re2 77. Rb3+ Re3 78. Rb2 Rd3 79. Ra2 Ke3 80. Kg2 Ke4 81. Kf2 Kf5 82. Ra8 1/2-1/2

[Event "Djenovici TS03 IM"]
[Site "Djenovici"]
[Date "2022.03.22"]
[Round "4"]
[White "Ricken, Katharina"]
[Black "Terhuven, Patrick"]
[Result "1-0"]
[WhiteElo "2127"]
[BlackElo "2203"]
[PlyCount "59"]
[EventDate "2022.03.19"]
[EventType "tourn"]
[EventRounds "9"]
[EventCountry "MNE"]
[EventCategory "1"]
[SourceTitle "EXT 2023"]
[Source "ChessBase"]
[SourceDate "2022.10.05"]
[SourceVersion "1"]
[SourceVersionDate "2022.10.05"]
[SourceQuality "1"]

1. Nf3 c5 2. b3 Nc6 3. Bb2 d5 4. e3 a6 5. d4 Nf6 6. Be2 Bf5 7. 0-0 e6 8. Nbd2 cxd4 9. Nxd4 Nxd4 10. Bxd4 Be7 11. c4 0-0 12. cxd5 exd5 13. Bb2 Rc8 14. Nf3 Rc2 15. Be5 Rc8 16. Rc1 Qa5 17. Nd4 Bg6 18. a4 Rc5 19. Rxc5 Qxc5 20. Bd3 Rc8 21. Nf5 Bd8 22. Qa1 Rc6 23. Qb2 Qb4 24. h3 Ne4 25. Nd4 Rc8 26. Bxe4 Bxe4 27. Bxg7 Kxg7 28. Ne6+ Kg6 29. Qg7+ Kf5 30. Nd4+ 1-0

[Event "Reinstorf Blitz op"]
[Site "Reinstorf"]
[Date "2022.02.04"]
[Round "3"]
[White "Poschadel, Andreas Gregor"]
[Black "Terhuven, Patrick"]
[Result "1-0"]
[WhiteElo "2099"]
[BlackElo "2203"]
[PlyCount "43"]
[EventDate "2022.01.29"]
[EventType "swiss (blitz)"]
[EventRounds "9"]
[EventCountry "GER"]
[SourceTitle "CBM 206 Extra"]
[Source "ChessBase"]
[SourceDate "2022.03.31"]
[SourceVersion "1"]
[SourceVersionDate "2022.03.31"]
[SourceQuality "1"]

1. e4 c5 2. Nf3 g6 3. d4 cxd4 4. Qxd4 Nf6 5. e5 Nc6 6. Qa4 Nd5 7. Qb3 Nb6 8. Bf4 Bg7 9. Nc3 0-0 10. h4 d5 11. exd6 Be6 12. Qa3 exd6 13. Bxd6 Bxc3+ 14. bxc3 Re8 15. 0-0-0 Qf6 16. h5 Nd5 17. Nd4 Qxf2 18. hxg6 Qe3+ 19. Kb2 hxg6 20. Bc5 Qe5 21. Nxc6 Ne3 22. Nxe5 1-0

[Event "Pfalz op-A 11th"]
[Site "Neustadt an der Weinstrasse"]
[Date "2020.02.24"]
[Round "6"]
[White "Terhuven, Patrick"]
[Black "Bastian, Herbert"]
[Result "1-0"]
[WhiteElo "2208"]
[BlackElo "2301"]
[PlyCount "97"]
[EventDate "2020.02.21"]
[EventType "swiss"]
[EventRounds "9"]
[EventCountry "GER"]
[SourceTitle "CBM 195 Extra"]
[Source "ChessBase"]
[SourceDate "2020.05.31"]
[SourceVersion "1"]
[SourceVersionDate "2020.05.31"]
[SourceQuality "1"]

1. Nf3 Nf6 2. g3 g6 3. b3 Bg7 4. Bb2 c5 5. c4 0-0 6. Bg2 d6 7. d4 Nc6 8. 0-0 cxd4 9. Nxd4 Bd7 10. Nc3 Qa5 11. e4 Qh5 12. Nd5 Qxd1 13. Nxf6+ Bxf6 14. Raxd1 Nxd4 15. Bxd4 Bxd4 16. Rxd4 Bc6 17. Re1 Rfd8 18. Red1 Rdc8 19. f4 Kg7 20. Kf2 Rc7 21. Ke3 Rb8 22. Rc1 f5 23. Bf3 Bxe4 24. Bxe4 fxe4 25. Kxe4 b5 26. Kd3 Rbc8 27. Rd5 bxc4+ 28. Rxc4 Rxc4 29. bxc4 Kf6 30. Kd4 h5 31. Rb5 Rc7 32. a4 Ke6 33. a5 Rc6 34. Kc3 Rc7 35. Kb4 Kf6 36. Kc3 e5 37. fxe5+ dxe5 38. c5 Kf5 39. Kc4 e4 40. c6+ Kg4 41. Kd5 e3 42. Kd6 Rf7 43. c7 Rf8 44. Kd7 Rf7+ 45. Kc6 Rf8 46. Kb7 Kf3 47. c8Q Rxc8 48. Kxc8 e2 49. Re5 1-0

[Event "Pfalz op 10th"]
[Site "Neustadt an der Weinstrasse"]
[Date "2019.03.05"]
[Round "9"]
[White "Terhuven, Patrick"]
[Black "Zuferi, Enis"]
[Result "1/2-1/2"]
[WhiteElo "2184"]
[BlackElo "2369"]
[PlyCount "103"]
[EventDate "2019.03.01"]
[EventType "swiss"]
[EventRounds "9"]
[EventCountry "GER"]
[SourceTitle "CBM 189 Extra"]
[Source "ChessBase"]
[SourceDate "2019.06.03"]
[SourceVersion "1"]
[SourceVersionDate "2019.06.03"]
[SourceQuality "1"]

1. d4 Nf6 2. Nf3 e6 3. c4 b6 4. g3 Ba6 5. b3 Bb4+ 6. Bd2 c5 7. Bg2 Bb7 8. 0-0 0-0 9. Nc3 cxd4 10. Nb5 Be7 11. Nbxd4 Na6 12. Bc3 Nc5 13. Rc1 Rc8 14. Nb5 d5 15. cxd5 Bxd5 16. Bb2 Nce4 17. Rxc8 Qxc8 18. Qa1 Qb7 19. Nc3 Nxc3 20. Bxc3 Rc8 21. Rc1 Ne4 22. Bd4 f6 23. Rxc8+ Qxc8 24. Ne1 Qc6 25. Bb2 Bc5 26. Bd4 Bd6 27. Bb2 h5 28. Qd1 h4 29. Qc2 Bc5 30. e3 Ng5 31. gxh4 Bxg2 32. hxg5 Be4 33. Qd2 Kf7 34. gxf6 gxf6 35. Qc3 e5 36. b4 Bf8 37. Qxc6 Bxc6 38. a3 Ke6 39. f4 Kf5 40. fxe5 fxe5 41. Kf2 Bg7 42. Nd3 Ke4 43. Ne1 Be8 44. Nf3 Bh5 45. Ng5+ Kf5 46. h4 Bf6 47. Kg3 Bxg5 48. hxg5 b5 49. Bc3 Ke4 50. Bb2 Bg6 51. Ba1 Bh5 52. Bb2 1/2-1/2

[Event "GER-ch U25-A"]
[Site "Willingen"]
[Date "2018.05.26"]
[Round "9"]
[White "Arndt, Magnus"]
[Black "Terhuven, Patrick"]
[Result "0-1"]
[WhiteElo "2132"]
[BlackElo "2123"]
[PlyCount "80"]
[EventDate "2018.05.19"]
[EventType "swiss"]
[EventRounds "9"]
[EventCountry "GER"]
[SourceTitle "CBM 184 Extra"]
[Source "ChessBase"]
[SourceDate "2018.06.28"]
[SourceVersion "1"]
[SourceVersionDate "2018.06.28"]
[SourceQuality "1"]

1. d4 d5 2. Bf4 Nf6 3. e3 c5 4. c3 Nc6 5. Nd2 e6 6. Bd3 Bd6 7. Bxd6 Qxd6 8. f4 cxd4 9. cxd4 0-0 10. Ngf3 Bd7 11. a3 Rac8 12. 0-0 Ne7 13. Ne5 Qb6 14. Rf3 Bb5 15. Bb1 Nf5 16. Rh3 g6 17. Qe1 Rc7 18. g4 Rfc8 19. Ba2 Nd6 20. g5 Nfe4 21. Nb3 Nf5 22. Ng4 Bc4 23. Nc5 Bxa2 24. Rxa2 Nxc5 25. dxc5 Qxc5 26. Ra1 Kg7 27. Nf6 h5 28. Rd1 Qc2 29. Rd2 Qc1 30. Kf2 Qxe1+ 31. Kxe1 Rc1+ 32. Ke2 R8c2 33. Rf3 Nd6 34. b3 Rc3 35. e4 Nxe4 36. Nxe4 dxe4 37. Rxc3 Rxc3 38. Rb2 Kf8 39. a4 Ke7 40. Kd2 Rf3 0-1

[Event "GER-ch U25-A"]
[Site "Willingen"]
[Date "2018.05.21"]
[Round "3"]
[White "Krause, Benedict"]
[Black "Terhuven, Patrick"]
[Result "1-0"]
[WhiteElo "2446"]
[BlackElo "2123"]
[PlyCount "89"]
[EventDate "2018.05.19"]
[EventType "swiss"]
[EventRounds "9"]
[EventCountry "GER"]
[SourceTitle "CBM 184 Extra"]
[Source "ChessBase"]
[SourceDate "2018.06.28"]
[SourceVersion "1"]
[SourceVersionDate "2018.06.28"]
[SourceQuality "1"]

1. e4 e6 2. d4 d5 3. Nc3 dxe4 4. Nxe4 Bd7 5. Nf3 Bc6 6. Bd3 Nd7 7. 0-0 Ngf6 8. Nxf6+ Qxf6 9. Be2 h6 10. c4 Be4 11. Be3 Be7 12. Nd2 Bc6 13. Qb3 b6 14. d5 Bb7 15. Bf3 0-0-0 16. Ne4 Qg6 17. Nc3 e5 18. Qa4 Kb8 19. b4 f5 20. c5 bxc5 21. bxc5 Bxc5 22. Bxc5 Nxc5 23. Qc4 e4 24. Bh5 Qd6 25. Rab1 Ka8 26. Rfc1 a6 27. Nb5 axb5 28. Qxb5 Ba6 29. Qxc5 Qxc5 30. Rxc5 Rb8 31. Rbc1 Rb7 32. Rxc7 Rxc7 33. Rxc7 Rc8 34. Rxc8+ Bxc8 35. Be8 Kb7 36. d6 Be6 37. a4 f4 38. Bb5 Kc8 39. a5 Bd5 40. a6 Kd8 41. a7 g5 42. f3 h5 43. fxe4 Bxe4 44. Bd3 Bb7 45. Bg6 1-0

[Event "Niederrhein-ch"]
[Site "Solingen"]
[Date "2018.03.28"]
[Round "6.5"]
[White "Terhuven, Patrick"]
[Black "Borchert, Stephan"]
[Result "1/2-1/2"]
[WhiteElo "2143"]
[BlackElo "1970"]
[PlyCount "137"]
[EventDate "2018.03.23"]
[EventType "swiss"]
[EventRounds "7"]
[EventCountry "GER"]
[SourceTitle "EXT 2022"]
[Source "ChessBase"]
[SourceDate "2021.10.06"]
[SourceVersion "1"]
[SourceVersionDate "2021.10.06"]
[SourceQuality "1"]

1. d4 Nf6 2. Nf3 g6 3. c4 Bg7 4. Nc3 0-0 5. e4 d6 6. Be2 e5 7. 0-0 Nc6 8. d5 Ne7 9. Nd2 Nd7 10. b4 a5 11. bxa5 Rxa5 12. Nb3 Ra8 13. Be3 b6 14. a4 f5 15. f3 Nc5 16. a5 Nxb3 17. Qxb3 bxa5 18. c5 Kh8 19. cxd6 cxd6 20. Bb6 Qd7 21. Bxa5 Ba6 22. Rfb1 Bxe2 23. Nxe2 Qa7+ 24. Qb6 fxe4 25. fxe4 Qd7 26. Bd2 Nc8 27. Qc6 Rxa1 28. Rxa1 Qd8 29. Ng3 Qb6+ 30. Qxb6 Nxb6 31. Rc1 Rb8 32. Rc6 Bf8 33. Kf2 Nd7 34. Ba5 Rb2+ 35. Kf3 Nf6 36. Bc7 Rb3+ 37. Ke2 Rb2+ 38. Kf3 Rb3+ 39. Ke2 Rb2+ 40. Kd3 Ne8 41. Ne2 Bh6 42. Ba5 Kg8 43. Rc8 Kf7 44. Ra8 Nf6 45. Ra7+ Kg8 46. Bc3 Rb1 47. Ra6 Ne8 48. Ra8 Kf7 49. Ra7+ Kg8 50. Re7 Nf6 51. Re6 Ng4 52. Rxd6 Rd1+ 53. Kc2 Ne3+ 54. Kb3 Rb1+ 55. Ka4 Rb7 56. Rc6 Bf8 57. Ka5 Rb3 58. Bxe5 Ra3+ 59. Kb6 Ra4 60. Bd4 Nc4+ 61. Kc7 Na3 62. Rb6 Nc2 63. d6 Nxd4 64. Nxd4 Rxd4 65. d7 Be7 66. Rb8+ Kf7 67. d8Q Bxd8+ 68. Rxd8 Rxe4 69. Rd7+ 1/2-1/2